Exploring old Bangkok : royal palaces, temples, street life

Bibliographic Details
Main Author: Narisa Chakrabongse
Other Authors: Paisarn Piemmettawat
Format: Book
Published: Bangkok : River Books , 2019
Subjects:

MARC

LEADER 00000cam a2200000 7i4500
001 0000278128
005 20201202125102.0
020 |a 9786164510319 
090 0 0 |a 915.93   |b NAR 
100 0 |a Narisa Chakrabongse 
245 1 0 |a Exploring old Bangkok :   |b royal palaces, temples, street life   |c Narisa Chakrabongse; photography Paisarn Piemmettawat 
260 |a Bangkok :   |b River Books ,   |c 2019 
300 |a 220p. :   |b col. photos ;   |c 23cm. 
651 0 |a Bangkok (Thailand)   |x History   |v Pictorial works 
651 0 |a Bangkok (Thailand)   |x Social life and customs   |v Pictorial works 
700 1 |a Paisarn Piemmettawat 
999 |a 00384589   |b BUKU   |c PINJAMAN   |e PERPUSTAKAAN KOMUNITI PETALING JAYA